Tovariková kolónia v bratislavskej Dúbravke Územný projekt zóny sústredenej individuálnej bytovej výstavby

Bibliographic Details
Main Author: Mačai, Štefan, 1932-2002 (Author)
Format: Article
Language:Slovak
PhysicalDescription:Obr. 5.
Subjects:

MARC

LEADER 00000nab a2200000 a 4500
001 vtls000199114
003 SK-MaSNL
005 20260426074244.0
008 250422c1984 xo 0 slo
015 |a SNBRB19rr/mm-uuuuu 
035 |a CL0209227 
035 |a urn:nbn:sk:snk-abdmah 
035 |a (urnnbn)urn:nbn:sk:snk:ar-000rb3 
035 |a (uuid)1d8f7116-6ced-4f73-968c-ab6814720543 
035 |a urn:nbn:sk:snk-ab5bq 
040 |a SNKBUCL  |b slo  |c SNKBUCL  |e AACR2 
041 0 |a slo 
044 |a xo  |c SK 
080 |a 711.58(437.6-25)  |2 1981 
080 |a 728.3(437.6-25)  |2 1981 
100 1 |a Mačai, Štefan,  |d 1932-2002  |4 aut  |9 204115 
245 1 0 |a Tovariková kolónia v bratislavskej Dúbravke  |b Územný projekt zóny sústredenej individuálnej bytovej výstavby  |c Štefan Mačai 
300 |b Obr. 5. 
650 0 7 |a domy obytné  |2 snkbucl  |9 887912 
650 0 7 |a výstavba bytová individuálna  |2 snkbucl  |9 959924 
651 7 |a Bratislava (Slovensko)  |2 snkbucl  |9 14568 
655 7 |a články z novín a časopisov  |2 snkbucl  |9 267496 
773 0 |t Projekt  |g Roč. 26, č. 4-5 (1984), s. 36-37 
850 |a Slovenská národná knižnica 
852 |a Slovenská národná knižnica 
954 |a odborná, vedecká literatúra pôvodná (slovenská)  |2 lita 
957 |a 5100 
958 |a article19 
958 |a RK 
958 |a OND 
958 |a EUIPO 
992 |a RBX 
999 |c 2730913  |d 2732843